| 000 | 00392nam a2200109Ia 4500 | ||
|---|---|---|---|
| 008 | 220616s9999||||xx |||||||||||||| ||und|| | ||
| 245 | 0 |
_aChallenging Cosmopolitanism _bCoercion, Mobility and Displacement in Islamic Asia |
|
| 546 | _aEnglish[eng] | ||
| 650 | _aChina||cosmopolitanism||violence||Islam||Southeast Asia||Asian history | ||
| 700 | _aGedacht, Joshua||Feener, R. Michael | ||
| 942 | _cEB | ||
| 999 |
_c19359 _d19359 |
||